Problematika používania matematických a štatistických modelov na meranie operačného rizika
Pojem a podstata operačného rizika . Prehľad rizikových faktorov, ktoré môžu viesť k vzniku operačného rizika. Porovnanie operačného rizika s trhovým a úverovým rizikom.
Salvato in:
| Autore principale: | |
|---|---|
| Natura: | Capitolo di libro |
| Lingua: | slovacco |
| Soggetti: | |
| Tags: |
Nessun Tag, puoi essere il primo ad aggiungerne!!
|
MARC
| LEADER | 00000nla$a2200000$$$4500 | ||
|---|---|---|---|
| 001 | 0092236 | ||
| 005 | 20240502072030.1 | ||
| 041 | 0 | |a slo | |
| 044 | |a SK | ||
| 245 | 1 | 0 | |a Problematika používania matematických a štatistických modelov na meranie operačného rizika |c Katarína Oravíková Podoliaková |
| 520 | |a Pojem a podstata operačného rizika . Prehľad rizikových faktorov, ktoré môžu viesť k vzniku operačného rizika. Porovnanie operačného rizika s trhovým a úverovým rizikom. | ||
| 610 | 2 | 0 | |a riziko operačné |
| 610 | 2 | 0 | |a modely matematické |
| 610 | 2 | 0 | |a modely štatistické |
| 610 | 2 | 0 | |a riziko úverové |
| 610 | 2 | 0 | |a riziko trhové |
| 100 | 1 | |a Oravíková Podoliaková, Katarína | |